The GAIA atlas of planet management for today's caretakers of tomorrow's world
| Format: | Book |
|---|---|
| Published: |
London :
Pan Books ,
1985
|
| Subjects: |
MARC
| LEADER | 00000cam a2200000 7i4500 | ||
|---|---|---|---|
| 001 | 0000001043 | ||
| 002 | 000001153 | ||
| 005 | 20000330.0 | ||
| 020 | |a 0330284916 | ||
| 090 | 0 | 0 | |a 658.408 |b GAI |
| 245 | 0 | 4 | |a The GAIA atlas of planet management for today's caretakers of tomorrow's world |c edited by Norman Myres |
| 260 | |a London : |b Pan Books , |c 1985 | ||
| 300 | |a 272p ; |c 28cm. | ||
| 650 | 0 | 0 | |a Earth sciences |x Atlases |
| 999 | |a 030170 |b BUKU |c PINJAMAN |e PERPUSTAKAAN KOMUNITI PETALING JAYA | ||